000 00202 a2200097 4500
020 _a9781419736421
041 _aeng
100 _aJeff Kinney
245 _aDiary of a Wimpy kid the meltdown
942 _cBK
999 _c30739
_d30737